000 00707nam a22001937a 4500
999 _c61291
_d61291
005 20240130101726.0
008 240130s2017en xxu||||| |||| 00| 0 eng d
020 _a9781932828160 X
041 _aeng
080 _a657.6 C-65
100 _a Cochran, Craig (Author)
_921150
245 _aInternal Auditing in Plain English:
_bA Simple Guide to Super Effective ISO Audits /
_cCraig Cochran.
264 _aChico-California :
_bPaton Professional,
_c2017.
300 _a168 p.:
_b22cm.
653 _aInternal Auditing in Plain English: A Simple Guide to Super Effective ISO Audits
653 _aშიდა აუდიტი
653 _aბუღალტერია
942 _2udc
_cᲬᲘᲒᲜᲘ